| 000 | 00532nam a2200169Ia 4500 | ||
|---|---|---|---|
| 008 | 090711s9999 xx 000 0 und d | ||
| 082 | _b872 | ||
| 100 | _aभावे पुरुषोत्तम भा. | ||
| 245 | _aझुंबर | ||
| 260 |
_bवसंत बुक स्टॉल _c1999 |
||
| 300 | _a176 | ||
| 600 | _aभावे पुरुषोत्तम भा. | ||
| 630 | _aझुंबर | ||
| 700 | _aभावे पुरुषोत्तम भा. | ||
| 730 | _aझुंबर | ||
| 942 | _cBOOK | ||
| 999 |
_c335852 _d335852 |
||